Analýza relevantnosti dotazníkového prieskumu

Dotazníkový prieskum identifikácie v oblasti manažmentu práce. Zisťovanie spokojnosti zamestnancov. Otázky prostredníctvom Cronbach Alpha koeficientu. Použitie poznatkov teórie nábojov využívanej v teórii grafov. Definícia rámca systému hodnotenia nadriadených prostredníctvom definovania mienkotvorn...

Descrizione completa

Salvato in:
Dettagli Bibliografici
Autore principale: Andrejkovič, Marek
Natura: Capitolo di libro
Lingua:slovacco
Soggetti:
Tags: Aggiungi Tag
Nessun Tag, puoi essere il primo ad aggiungerne!!

MARC

LEADER 00000nla$a2200000$$$4500
001 0110854
005 20240502072227.4
041 0 |a slo 
044 |a SK 
245 1 0 |a Analýza relevantnosti dotazníkového prieskumu  |c Marek Andrejkovič 
520 |a Dotazníkový prieskum identifikácie v oblasti manažmentu práce. Zisťovanie spokojnosti zamestnancov. Otázky prostredníctvom Cronbach Alpha koeficientu. Použitie poznatkov teórie nábojov využívanej v teórii grafov. Definícia rámca systému hodnotenia nadriadených prostredníctvom definovania mienkotvorných skupín. Overovanie uvedených výsledkov. 
610 2 0 |a manažment personálny 
610 2 0 |a hodnotenie pracovníkov 
610 2 0 |a spokojnosť v práci 
610 2 0 |a vzdelanie 
610 2 0 |a odmeňovanie 
610 2 0 |a nadriadení 
610 2 0 |a analýzy 
610 2 0 |a dotazníky 
100 1 |a Andrejkovič, Marek